000 00480nam a2200181Ia 4500
008 100920s9999 xx 000 0 und d
082 _b60017
_a--- 0
100 _aबेडेकर विश्राम.
245 _aरणांगण.
260 _b---
_c0
300 _a127
_bसाधी
365 _b40
520 _aकादंबरी.
630 _aरणांगण.
650 _aकादंबरी.
730 _aरणांगण.
942 _cBOOK
999 _c703347
_d703344